000 00438nam a2200157Ia 4500
999 _c3043
_d3043
008 200103s9999||||xx |||||||||||||| ||und||
020 _a9780713667349,
100 _aStokoe, E. A. 
245 0 _aReed's Vol.4: naval architecture for marine engineers /
_cby E. A. Stokoe.
250 _a4th ed.
260 _bAdlard Coles Nautical,
_c2007.
_aLondon:
300 _a392p.
490 0 _vVol. 4
650 0 _aNaval Architecture
942 _cBK